=LDR 00000nam 2200000 4500 =001 NUTBA000000000004873 =005 20141013111646.0 =006 =007 =008 =020 ##$$a 978-979-29-2531-9 =035 ##$$a 0010-101400000000103 =040 ##$$a NBPDMAT =082 ##$$a 650.1 =090 ##$$a 650.1 $b Suy s =100 ##$$a M. Suyanto =245 ##$$a Smart in entrepneun / $c M. Suyanto =260 ##$$a Yogyakarta : $b Andi, 2011. =300 ##$$a 158 hlm. ; $c 18 cm. =650 ##$$a Bisnis